Anuario de Canarias, África occidental, Guinea española / (Record no. 2510)

MARC details
000 -LEADER
campo de control de longitud fija 01511nas a2200385 i 4500
001 - NÚMERO DE CONTROL
campo de control 2510
003 - IDENTIFICADOR DE NÚMERO DE CONTROL
campo de control ES-MaACL
005 - FECHA Y HORA DE LA ÚLTIMA TRANSACCIÓN
campo de control 20250808063446.0
007 - CAMPO FIJO DE DESCRIPCIÓN FÍSICA--INFORMACIÓN GENERAL
campo de control de longitud fija t|
008 - DATOS DE LONGITUD FIJA--INFORMACIÓN GENERAL
campo de control de longitud fija 950801d1952 sp a| | 1 ||pa d
022 ## - NÚMERO INTERNACIONAL NORMALIZADO PARA PUBLICACIONES SERIADAS
Número Internacional Normalizado para Publicaciones Seriadas 2481-9174
040 ## - FUENTE DE CATALOGACIÓN
Centro/agencia transcriptor ES-MaACL
080 ## - NÚMERO DE LA CLASIFICACIÓN DECIMAL UNIVERSAL
Número de la Clasificación Decimal Universal 908(460.41)
080 ## - NÚMERO DE LA CLASIFICACIÓN DECIMAL UNIVERSAL
Número de la Clasificación Decimal Universal 908(6-15)
080 ## - NÚMERO DE LA CLASIFICACIÓN DECIMAL UNIVERSAL
Número de la Clasificación Decimal Universal 908(671.8)
245 00 - MENCIÓN DEL TÍTULO
Título Anuario de Canarias, África occidental, Guinea española /
Mención de responsabilidad, etc. dir., Ignacio Nadal Rodó
260 ## - PUBLICACIÓN, DISTRIBUCIÓN, ETC.
Lugar de publicación, distribución, etc. Las Palmas de Gran Canaria :
Nombre del editor, distribuidor, etc. Anuario de Canarias, África occidental, Guinea española,
Fecha de publicación, distribución, etc. [1952]-
300 ## - DESCRIPCIÓN FÍSICA
Extensión 1 volumen :
Otras características físicas ilustraciones (blanco y negro) ;
Dimensiones 22 cm
310 ## - PERIODICIDAD ACTUAL
Periodicidad actual Anual
362 0# - FECHAS DE PUBLICACIÓN Y/O DESIGNACIÓN SECUENCIAL
Fecha de publicación y/o designación secuencial 2. época (1951/1952)-
530 ## - NOTA DISPONIBLE DE FORMULARIO FÍSICO ADICIONAL
Nota de formato físico adicional disponible Disponible en formato digital
651 #4 - PUNTO DE ACCESO ADICIONAL DE MATERIA--NOMBRE GEOGRÁFICO
Nombre geográfico Canarias-
Subdivisión general Descripción-
Subdivisión cronológica S.XX
9 (RLIN) 157515
651 #4 - PUNTO DE ACCESO ADICIONAL DE MATERIA--NOMBRE GEOGRÁFICO
Nombre geográfico África occidental-
Subdivisión general Descripción
9 (RLIN) 158839
651 #4 - PUNTO DE ACCESO ADICIONAL DE MATERIA--NOMBRE GEOGRÁFICO
Nombre geográfico Guinea Ecuatorial-
Subdivisión general Descripción
9 (RLIN) 8807
655 #7 - TERMINO DE INDIZACIÓN--GENERO/FORMA
Datos o término principal de género/forma Anuarios
Fuente del término tgfbne
9 (RLIN) 226822
700 1# - ENTRADA AGREGADA--NOMBRE PERSONAL
Nombre de persona Nadal Rodó, Ignacio,
Término indicativo de función/relación Director de publicación
9 (RLIN) 194503
780 00 - ENLACE A UN TÍTULO/ENTRADA ANTERIOR
Título Anuario de Canarias
Número Internacional Normalizado para Publicaciones Seriadas , 2481-9344
852 ## - LOCALIZACIÓN
Ubicación ES-MaACL
Ubicación en estantería Depósito 2
Número de control de estantería P-1016
856 ## - LOCALIZACIÓN Y ACCESO ELECTRÓNICOS
Identificador Uniforme de Recursos <a href="https://hdl.handle.net/20.500.12285/mdcte/1339">https://hdl.handle.net/20.500.12285/mdcte/1339</a>
Texto de enlace Versión en línea
Nota pública (Memoria digital de Canarias (mdC))
856 ## - LOCALIZACIÓN Y ACCESO ELECTRÓNICOS
Identificador Uniforme de Recursos <a href="https://hdl.handle.net/20.500.12285/mdcte/656">https://hdl.handle.net/20.500.12285/mdcte/656</a>
Texto de enlace Versión en línea: Anuario comercial, industrial y profesional de Canarias, 1948
Nota pública (Memoria digital de Canarias (mdC))
866 #0 - MENCIÓN TEXTUAL DE FONDOS--UNIDAD BIBLIOGRÁFICA BÁSICA
Fondos 1951-1952.
942 ## - ELEMENTOS DE ENTRADA SECUNDARIOS (KOHA)
Fuente del sistema de clasificación o colocación Clasificación decimal universal
Tipo de ítem Koha Revista
Suprimir en OPAC No
955 ## - CATALOGADOR - EDICIÓN
Nombre de catalogador Pilar Fernández Vera
Holdings
Estatus retirado Estado de pérdida Estado de daño No para préstamo Colección Biblioteca de origen Biblioteca actual Ubicación en estantería Fecha de adquisición Fuente de adquisición Total de préstamos Signatura topográfica completa Código de barras Visto por última vez Precio de reemplazo Tipo de ítem Koha
        Periódicos y Revistas Biblioteca del Ateneo de Madrid Biblioteca del Ateneo de Madrid Depósito 2 17/01/2008     P-1016 1002553 23/02/2023 23/02/2023 Revista